| 000 | 00449cam a2200181ua 4500 | ||
|---|---|---|---|
| 001 | 775 | ||
| 008 | 110419n ii |||gr||||Z||||||eng | ||
| 040 | _cMAIN | ||
| 082 | _a320.5 | ||
| 245 | 1 |
_aAncient political thought. _cBy V Venkata Rao. |
|
| 250 | _a3rd. | ||
| 260 |
_aDelhi.: _bS-chand.,969. |
||
| 300 |
_aii, 172 p.: _c20 cm. |
||
| 653 | _aPolitical science. | ||
| 653 | _aAncient political thought. | ||
| 700 | _aRao, V Venkata., | ||
| 942 | _cBK | ||
| 999 |
_c701 _d701 |
||